रेत की इक्क मुटठी / (Record no. 113332)

MARC details
000 -LEADER
fixed length control field 01019nam a22002537a 4500
005 - DATE AND TIME OF LATEST TRANSACTION
control field 20170124102951.0
010 ## - LIBRARY OF CONGRESS CONTROL NUMBER
LC control number B-037140
020 ## - INTERNATIONAL STANDARD BOOK NUMBER
Terms of availability 85.00
035 ## - SYSTEM CONTROL NUMBER
System control number B-037140
037 ## - SOURCE OF ACQUISITION
Source of stock number/acquisition Cen Lib/Ret
040 ## - CATALOGING SOURCE
Original cataloging agency DPL
Language of cataloging HN
082 ## - DEWEY DECIMAL CLASSIFICATION NUMBER
Classification number
Item number गुरद
100 ## - MAIN ENTRY--PERSONAL NAME
Personal name गुरदयाल सिंह
9 (RLIN) 51775
245 ## - TITLE STATEMENT
Title रेत की इक्क मुटठी /
Statement of responsibility, etc गुरदयाल सिंह
246 ## - VARYING FORM OF TITLE
Title proper/short title Rait ki ikk mutthi /
Remainder of title by Gurdyal Singh
260 ## - PUBLICATION, DISTRIBUTION, ETC. (IMPRINT)
Place of publication, distribution, etc नयी दिल्ली
Name of publisher, distributor, etc भारतीय ज्ञानपीठ
Date of publication, distribution, etc 2000
270 ## - ADDRESS
City नयी दिल्ली
Address 18, इंस्टीटियुशनल एरिया, लोधी रोड
Postal code 110003
300 ## - PHYSICAL DESCRIPTION
Extent 112पृ.
Dimensions 21सेमी (सजिल्द)
650 ## - SUBJECT ADDED ENTRY--TOPICAL TERM
Topical term or geographic name as entry element हिन्दी साहित्य
9 (RLIN) 51776
650 ## - SUBJECT ADDED ENTRY--TOPICAL TERM
Topical term or geographic name as entry element हिन्दी उपन्यास
9 (RLIN) 51777
650 ## - SUBJECT ADDED ENTRY--TOPICAL TERM
Topical term or geographic name as entry element Hindi literature
9 (RLIN) 51778
650 ## - SUBJECT ADDED ENTRY--TOPICAL TERM
Topical term or geographic name as entry element Hindi novel
9 (RLIN) 51779
942 ## - ADDED ENTRY ELEMENTS (KOHA)
Source of classification or shelving scheme Dewey Decimal Classification
Koha item type Hindi Books
Classification part
Call number suffix गुरद
Holdings
Withdrawn status Lost status Damaged status Not for loan Home library Current library Date acquired Source of acquisition Cost, normal purchase price Total Checkouts Full call number Barcode Date last seen Date checked out Copy number Cost, replacement price Price effective from Koha item type
        Central Library Central Library 12/08/2015 Cen Lib/Ret 85.00 2 उ गुरद B-037140 01/07/2026 18/06/2026 1 85.00 12/08/2015 Hindi Books

© Delhi Public Library
Hit Counter
free hit counter